| 000 | 00502nam a2200181Ia 4500 | ||
|---|---|---|---|
| 999 |
_c29773 _d29773 |
||
| 003 | OSt | ||
| 005 | 20210104094405.0 | ||
| 008 | 190216s9999||||xx |||||||||||||| ||und|| | ||
| 020 | _a9788124018712 | ||
| 040 | _coclc | ||
| 082 |
_a894.8121 _bPRA/S |
||
| 100 |
_aPrasannakumar, K B _97592 |
||
| 245 | 0 |
_aSanchi / _cK B Prasannakumar |
|
| 260 |
_bCurrent Books, _c2009. _aKottayam: |
||
| 300 | _a63p | ||
| 650 | _aKavithkal | ||
| 942 |
_cBK _2ddc _h894.8121 _iPRA/S _k894.8121 _mPRA/S |
||